[Event "Ride the Volga"]
[Site "SchemingMind.com"]
[Date "2009.08.22"]
[Round "-"]
[White "donimator"]
[Black "MOIMOI"]
[Result "1-0"]
[WhiteCountry "CAN"]
[BlackCountry "POL"]
[WhiteElo "1815"]
[WhiteRD "94"]
[BlackElo "1538"]
[BlackRD "96"]
[GameID "216313"]

1. d4 Nf6 2. c4 c5 3. d5 b5 4. cxb5 Qb6 5. Nc3 a6 6. e4 d6 7. a4 axb5 8. Bxb5+ Bd7 9. Bc4 Qb4 10. Bd3 c4
11. Bc2 Nxe4 12. Bxe4 Na6 13. Ne2 Nc5 14. Bc2 h6 15. O-O g5 16. Bd2 Qb7 17. Be3 Bg7 18. Bd4 Bxd4 19. Qxd4 Rg8 20. Qxc4 Qxb2
21. Bh7 Rg7 22. Rfb1 Qd2 23. Ra2 Qxa2 24. Qxa2 Rxh7 25. a5
1-0

[Event "Ride the Volga"]
[Site "SchemingMind.com"]
[Date "2009.08.18"]
[Round "-"]
[White "jonjenson"]
[Black "MOIMOI"]
[Result "1-0"]
[WhiteCountry "ENG"]
[BlackCountry "POL"]
[WhiteElo "1724"]
[WhiteRD "104"]
[BlackElo "1538"]
[BlackRD "96"]
[GameID "216314"]

1. d4 Nf6 2. c4 c5 3. d5 b5 4. cxb5 Qb6 5. Nc3 a6 6. bxa6 Nxa6 7. Nf3 Bb7 8. g3 Nb4 9. e4 Ng4 10. h3 Nf6
11. a3 h6 12. Be3 Na6 13. Bc4 d6 14. Na4 Qd8 15. Qb3 Qc7 16. Bb5+ Nd7 17. Nd2 g5 18. Nc4 Bg7 19. Bxd7+ Qxd7 20. Nab6 Qd8
21. Qb5+ Kf8 22. Nd7+ Kg8 23. Qxb7 Kh7 24. Ncb6 Bxb2 25. Ra2 Bc3+ 26. Bd2 Bxd2+ 27. Kxd2 Qc7 28. Qxc7 Nxc7 29. Nxa8 Rxa8 30. Rb1 Ra4
31. f3 Rd4+ 32. Ke2 Na6 33. Nb8 Nxb8 34. Rxb8 Kg6 35. a4 f5 36. Rb3 fxe4 37. fxe4 Rxe4+ 38. Re3 Rd4 39. Rxe7 Rxd5 40. Rd2 Rf5
41. Rxd6+ Kh5 42. g4+ Kh4 43. Rxh6+ Kg3 44. gxf5
1-0

[Event "Ride the Volga"]
[Site "SchemingMind.com"]
[Date "2009.08.22"]
[Round "-"]
[White "Bandit2"]
[Black "MOIMOI"]
[Result "1-0"]
[WhiteCountry "POL"]
[BlackCountry "POL"]
[WhiteElo "2069"]
[WhiteRD "130"]
[BlackElo "1538"]
[BlackRD "96"]
[GameID "216315"]

1. d4 Nf6 2. c4 c5 3. d5 b5 4. cxb5 Qb6 5. Nc3 a6 6. e4 d6 7. a4 axb5 8. Bxb5+ Bd7 9. Qe2 Bxb5 10. Nxb5 Na6
11. Nf3 h6 12. O-O g5 13. e5 Nxd5 14. exd6 Bg7 15. Rd1 Nab4 16. Nc7+ Kd7 17. Nxd5 Nxd5 18. Rxd5 exd6 19. Be3 Rhc8 20. Rad1 Ra5
21. Nd2 Be5 22. Nc4 Qa6 23. Nxe5+ Ke6 24. Rxd6+ Qxd6 25. Rxd6+ Kxd6 26. Nc4+
1-0

[Event "Ride the Volga"]
[Site "SchemingMind.com"]
[Date "2009.08.17"]
[Round "-"]
[White "iamtherealtylerdurden"]
[Black "MOIMOI"]
[Result "1-0"]
[WhiteCountry "FRA"]
[BlackCountry "POL"]
[WhiteElo "2043"]
[WhiteRD "124"]
[BlackElo "1538"]
[BlackRD "96"]
[GameID "216318"]

1. d4 Nf6 2. c4 c5 3. d5 b5 4. cxb5 Qb6 5. Nc3 a6 6. bxa6 Nxa6 7. e4 d6 8. Nf3 Ng4 9. Bb5+ Bd7 10. Bxd7+ Kxd7
11. h3 Ne5 12. Nxe5+ dxe5 13. O-O Qg6 14. Qa4+ Kd8 15. Qa5+ Ke8 16. f4 f6 17. Qb5+ Kd8 18. Qb7 Nc7 19. Nb5 Rc8 20. Na7 Ke8
21. Qxc8+ Kf7 22. f5 Qg3 23. Qxc7 Kg8 24. Nc6 h6 25. Nd8 Kh7 26. Ne6 g5 27. Qd8 Bg7 28. Qxe7 Rg8 29. d6 g4 30. hxg4 Qxg4
31. d7 Qxe4 32. d8=Q Qg4 33. Bg5 Rxd8 34. Qxg7#
1-0